000 00724nam a2200289Ia 4500
005 20260324112135.0
008 008 260324s9999 xx 000 0 eng d
020 _a9781003414278
037 _aEBOOK
040 _aCRL
040 _beng
040 _cCRL
041 _2eng
041 _aeng
084 _qCRL
100 _aReiko Abe Auestad
_91141460
245 0 _aAffect, Emotion and Sensibility in Modern Japanese Literature
245 0 _bFrom Natsume SĂ´seki to Ishimure Michiko
260 _bTaylor and Francis
260 _c2024
365 _a
365 _b205
856 _uhttp://www.taylorfrancis.com/books/9781003414278
942 _cEBOOK
999 _c1730555
_d1730555